| 000 | 01314cac a22002771u 4500 | ||
|---|---|---|---|
| 090 | _c8653 | ||
| 008 | 081126t 2006xxu||||| |||| 00| 0 eng d | ||
| 010 | _a 2004056944 | ||
| 020 | _a 0072946237 (alk. paper) | ||
| 082 | 0 | 0 |
_a657.45 _bMES |
| 100 | _aMessier, William F. | ||
| 245 | 1 | 0 |
_aAuditing & assurance services : a systematic approach / _ba systematic approach / _cWilliam F. Messier, Jr., Steven M. Glover, Douglas F. Prawitt. |
| 246 | 3 | _aAuditing and assurance services | |
| 250 | _a4th ed. | ||
| 260 |
_aBoston : _bMcGraw-Hill/Irwin, _c2006. |
||
| 260 | _bDistributer: Bacca | ||
| 300 |
_axxxviii, 888 p. : _bill. ; _c27 cm. + _e1 CD-ROM (4 3/4 in.) |
||
| 504 | _aIncludes bibliographical references and index. | ||
| 538 | _aSystem requirements for accompanying CD-ROM: PC with Pentium class processor (or higher); Windows 98/ME or Windows NT (SP2), XP. | ||
| 650 | 0 | _aAuditing. | |
| 700 | 1 |
_aGlover, Steven M., _d1963- |
|
| 700 | 1 | _aPrawitt, Douglas F. | |
| 942 |
_cBB _k657.45MES _2ddc |
||
| 999 |
_c8653 _d8653 |
||